MARC

LEADER 00000nam0a2200000 4500
001 262354
005 20231101233638.0
035 |a (RuTPU)RU\TPU\book\285337 
090 |a 262354 
100 |a 20140531d1975 k y0rusy50 ca 
101 0 |a rus 
102 |a RU 
105 |a a z 001zy 
200 1 |a Взаимодействие заряженных частиц высоких энергий с германием и кремнием  |f Р. Ф. Коноплева, В. И. Остроумов 
210 |a Москва  |c Атомиздат  |d 1975 
215 |a 128 с.  |c ил. 
320 |a Библиогр.: с. 122-126. 
606 1 |a Радиоактивные элементы  |x Анализ  |2 stltpush  |3 (RuTPU)RU\TPU\subj\22435  |9 47193 
606 1 |a Полупроводники  |2 stltpush  |3 (RuTPU)RU\TPU\subj\50553  |9 69206 
610 1 |a частицы 
610 1 |a вещество 
610 1 |a взаимодействие 
610 1 |a ядерные реакции 
610 1 |a расчет 
610 1 |a германий 
610 1 |a кремний 
610 1 |a электрические свойства 
610 1 |a фотоэлектрические свойства 
610 1 |a рекомбинационные свойства 
610 1 |a отжиг 
610 1 |a радиационные дефекты 
675 |a 537.311.322  |v 3 
675 |a 539.16  |v 3 
700 1 |a Коноплева  |b Р. Ф.  |g Раиса Федоровна 
701 1 |a Остроумов  |b В. И.  |g Всеволод Иванович 
801 1 |a RU  |b 63413507  |c 20140531 
801 2 |a RU  |b 63413507  |c 20140709  |g RCR 
942 |c BK